000 01328nam a2200301 a 4500
001 ebr10379899
003 CaPaEBR
006 m u
007 cr cn|||||||||
008 100517s2010 dcua sb 100 0 eng d
020 _z0309144477
020 _z9780309144476
040 _aCaPaEBR
_cCaPaEBR
035 _a(OCoLC)644231672
050 1 4 _aRA643
_b.I54 2010eb
245 0 0 _aInfectious disease movement in a borderless world
_h[electronic resource] :
_bworkshop summary /
_crapporteurs, David A. Relman, Eileen R. Choffnes, and Alison Mack ; Forum on Microbial Threats ; Board on Global Health ; Institute of Medicine of the National Academies.
260 _aWashington, D.C. :
_bNational Academies Press,
_c2010.
300 _a301 p. :
_bill.
504 _aIncludes bibliographical references.
533 _aElectronic reproduction.
_bPalo Alto, Calif. :
_cebrary,
_d2010.
_nAvailable via World Wide Web.
_nAccess may be limited to ebrary affiliated libraries.
650 0 _aCommunicable diseases
_vCongresses.
655 7 _aElectronic books.
_2local
700 1 _aRelman, David A.
700 1 _aChoffnes, Eileen R.
700 1 _aMack, Alison.
710 2 _aebrary, Inc.
856 4 0 _uhttp://site.ebrary.com/lib/rucke/Doc?id=10379899
_zAn electronic book accessible through the World Wide Web; click to view
999 _c205829
_d205829